000 00707nam a2200241Ia 4500
003 OSt
005 20220918222830.0
006 a|||||r|||| 00| 0
007 ta
008 220917b |||||||| |||| 00| 0 eng d
024 _a218,514
037 _cTextual
040 _aARTS
_cARTS
_beng
041 _2eng
_aeng
082 _aV6547:1:N60<-M04, L1
100 _aAdeleye R. A
_9144193
245 0 _aPower and diplomacy in Northern Nigeria 1804-1906
_b Sokto Capiphate and its enemies
260 _aLondon
_bLongman Group Limited UK
_c1971
300 _axvi,387p.
_ccm.
650 _aHISTORY
942 _hV6547:1:N60<-M04, L1
_cTEXL
_2CC
999 _c276611
_d276611